| Tag |
First Indicator |
Second Indicator |
Subfields |
| LEADER |
00000cam a22000001 4500 |
| 001 |
in00000197213 |
| 005 |
20151009053344.0 |
| 008 |
740813s1966 enkaf b 00000beng d |
| 010 |
|
|
|a 66069911
|
| 015 |
|
|
|a B66-23944
|
| 035 |
|
|
|a (OCoLC)00222724
|
| 035 |
|
|
|9 AAW4292AM
|
| 040 |
|
|
|a DLC
|c DLC
|d TXA
|d UtOrBLW
|
| 049 |
|
|
|a TXAM
|c [477134]
|
| 050 |
0 |
0 |
|a NB623.B5
|b W55 1966
|
| 082 |
0 |
|
|a 730.924
|
| 100 |
1 |
|
|a Wittkower, Rudolf.
|
| 245 |
1 |
0 |
|a Gian Lorenzo Bernini :
|b the sculptor of the Roman baroque /
|c Rudolf Wittkower.
|
| 250 |
|
|
|a [2nd ed.].
|
| 264 |
|
1 |
|a London :
|b Phaidon P.,
|c 1966.
|
| 300 |
|
|
|a xi, 286 pages :
|b frontispiece, 254 illustrations, 9 plates, tables. ;
|c 32 cm.
|
| 336 |
|
|
|a text
|b txt
|2 rdacontent
|
| 337 |
|
|
|a unmediated
|b n
|2 rdamedia
|
| 338 |
|
|
|a volume
|b nc
|2 rdacarrier
|
| 504 |
|
|
|a Bibliography: pages 167-171.
|
| 600 |
1 |
0 |
|a Bernini, Gian Lorenzo,
|d 1598-1680.
|
| 999 |
|
|
|a MARS
|
| 999 |
f |
f |
|s aff6dc6d-f01f-3b84-b117-9a23249d2e3a
|i 06801002-ce42-3f9f-b4cd-30772b4dea56
|t 0
|
| 952 |
f |
f |
|p normal
|a Texas A&M University
|b College Station
|c Sterling C. Evans Library
|d Evans: Library Stacks
|t 0
|e NB623.B5 W55 1966
|h Library of Congress classification
|i unmediated -- volume
|m A14803456922
|
| 952 |
f |
f |
|p storage
|a Texas A&M University
|b J.J. Pickle Campus
|c High Density Repository
|d Remote Storage
|t 0
|e NB623.B5 W55 1966
|h Library of Congress classification
|i unmediated -- volume
|m A14823441361
|
| 998 |
f |
f |
|a NB623.B5 W55 1966
|t 0
|l Remote Storage
|
| 998 |
f |
f |
|a NB623.B5 W55 1966
|t 0
|l Evans: Library Stacks
|